000
00283nam a22001337a 4500
020
_a
0851171303
082
_a
339SEL.
100
_a
Seldon, A.
245
_a
Charge.
260
_a
London.
_b
Temple Smith.
_c
1977.
300
_a
224p.
_b
22cm.
500
_a
Includes index.
942
_c
BK
999
_c
13837
_d
13837